| 000 | 00420nam a22001457a 4500 | ||
|---|---|---|---|
| 020 | _a8123908857 | ||
| 040 | _cNUST | ||
| 082 | _a572.8633 RAS | ||
| 100 |
_aRastogi, S.C _92439 |
||
| 110 |
_aMendiratta, Namita Rastogi, Parag _9114068 |
||
| 245 |
_aBioinformatics: _bConcepts, Skills & Applications |
||
| 260 |
_aNew Delhi: _bCBS Publishers & Distributors, _c2003. |
||
| 650 |
_aBioinformatics _913954 |
||
| 942 |
_2ddc _cBK |
||
| 999 |
_c595452 _d595452 |
||